Movies Quiz

Random Movies or Nominee Quiz

Mary Poppins: Original or Sequel? Quiz Stats

 Plays Quiz not verified by Sporcle

Score 0/18 Timer 04:00
0 Plays Today
Question Answer Wrong Answers
Emily Blunt Sequel
73.1%
Original
9.2%
Both
1.7%
Colin Firth Sequel
72%
Original
9.3%
Both
2.1%
Meryl Streep Sequel
71.8%
Original
8.8%
Both
2.9%
Lin-Manuel Miranda Sequel
70.8%
Original
10%
Both
2.9%
Julie Andrews Original
68.4%
Sequel
3.2%
Both
12.3%
Glynis Johns Original
62%
Sequel
12.2%
Both
9%
Dick Van Dyke Both
60.1%
Original
21.6%
Sequel
2.8%
Ed Wynn Original
58.9%
Sequel
17%
Both
7.9%
Reginald Owen Original
58.4%
Sequel
16.8%
Both
8.3%
Emily Mortimer Sequel
56.5%
Original
21.7%
Both
5.8%
David Tomlinson Original
54.3%
Sequel
21.6%
Both
7.1%
Ben Whishaw Sequel
52.4%
Original
24.9%
Both
6.6%
Pixie Davies Sequel
51.3%
Original
26.2%
Both
6.4%
Hermione Baddeley Original
49.4%
Sequel
27%
Both
7%
Matthew Garber Original
45.3%
Sequel
30.3%
Both
7.8%
Angela Lansbury Sequel
42.3%
Original
26.7%
Both
14.9%
David Warner Sequel
35%
Original
39.2%
Both
9.8%
Karen Dotrice Both
21.6%
Original
43.8%
Sequel
18.9%

You're not logged in!

Compare scores with friends on all Sporcle quizzes.
OR
Log In

You Might Also Like...

Show Comments

Extras

Top Quizzes Today


Score Distribution

Your Account Isn't Verified!

In order to create a playlist on Sporcle, you need to verify the email address you used during registration. Go to your Sporcle Settings to finish the process.

Report this User

Report this user for behavior that violates our Community Guidelines.

Details: